000 00732cam a2200205 i 4500
005 20251221103830.0
008 250721s1992 ua gr 000 0 ara d
082 1 4 _a217,12
_bم ح م
100 1 _aعيسى، محمد حلمي السيد
_eمؤلف.
245 1 2 _aالأعتكاف أحكامه وأدابه :
_bدراسة فقهية مقارنة /
_cتأليف الدكتور محمد حلمي السيد عيسى.
250 _aالطبعة الأولى.
264 3 1 _aالقاهرة :
_bالمؤلف،
_c1992.
300 _a157 صفحة.
650 1 7 _aالإسلام.
650 1 7 _aالفقه.
650 1 7 _aالعبادة.
650 1 7 _aالفقه المقارن.
942 _2ddc
_cBK
999 _c3491
_d3491